300 Biggest Cities in Africa - Statistics

General Stats
  • This quiz has been taken 1,154 times
  • The average score is 73 of 300
Answer Stats
City Country Population % Correct
Cairo Egypt 7.764.700
98%
Lagos Nigeria 8.029.200
96%
Alexandria Egypt 3.806.300
95%
Cape Town South Africa 2.686.000
94%
Casablanca Morocco 3.344.300
93%
Kinshasa D.R. Congo 6.301.100
93%
Nairobi Kenya 2.510.800
93%
Tripoli Libya 1.890.600
92%
Addis Ababa Ethiopia 2.638.500
91%
Johannesburg South Africa 1.646.400
91%
Rabat Morocco 1.600.700
91%
Algiers Algeria 1.696.000
90%
Dakar Senegal 2.384.000
90%
Luanda Angola 2.193.400
90%
Khartoum Sudan 1.244.500
89%
Pretoria South Africa 1.228.200
88%
Accra Ghana 1.605.400
87%
Harare Zimbabwe 1.864.400
87%
Mogadishu Somalia 1.183.100
87%
Abuja Nigeria 159.900
85%
Dar es Salaam Tanzania 2.456.100
84%
Tunis Tunisia 696.700
84%
Freetown Sierra Leone 1.032.100
83%
Abidjan Ivory Coast 3.310.500
81%
Brazzaville Congo 1.133.800
81%
Durban South Africa 2.354.900
81%
Kampala Uganda 953.400
80%
Lusaka Zambia 1.218.200
80%
Maputo Mozambique 1.088.100
80%
Antananarivo Madagascar 875.200
79%
Bamako Mali 906.700
78%
Yaounde Cameroon 1.122.500
76%
Libreville Gabon 541.000
75%
Monrovia Liberia 543.000
74%
Lome Togo 675.000
73%
Djibouti Djibouti 524.700
72%
Kano Nigeria 3.248.700
72%
Kigali Rwanda 365.200
72%
Bangui Central African Republic 652.900
71%
Bissau Guinea-Bissau 288.300
70%
Dodoma Tanzania 167.100
69%
N'Djamena Chad 601.500
69%
Niamey Niger 629.500
69%
Juba South Sudan 151.000
68%
Lilongwe Malawi 486.000
68%
Mombasa Kenya 707.400
68%
Port Elizabeth South Africa 833.900
68%
Windhoek Namibia 194.300
68%
Luxor Egypt 412.300
67%
Ouagadougou Burkina Faso 839.800
67%
Fez Morocco 921.200
66%
Porto Novo Benin 225.400
65%
Asmara Eritrea 392.500
62%
Douala Cameroon 1.239.100
60%
Ibadan Nigeria 3.078.400
60%
Gaborone Botswana 223.000
58%
Benghazi Libya 728.500
56%
Giza Egypt 2.541.000
56%
Nouakchott Mauretania 426.300
56%
Bujumbura Burundi 323.200
55%
Beni Mellal Morocco 155.600
54%
Beni Suef Egypt 196.700
54%
Port Harcourt Nigeria 1.053.900
54%
Tanger Morocco 591.300
54%
Cotonou Benin 761.900
53%
Yamoussoukro Ivory Coast 195.500
53%
Port Said Egypt 537.000
51%
Marrakech Morocco 745.800
50%
Maseru Lesotho 169.200
48%
Lubumbashi D.R. Congo 1.074.600
47%
Suez Egypt 477.600
47%
Kumasi Ghana 627.600
44%
Port Sudan Sudan 401.100
43%
Aswan Egypt 250.500
42%
Zanzibar Tanzania 256.100
42%
Benin City Nigeria 1.051.600
41%
Conakry Guinea 1.595.800
41%
Agadir Morocco 610.600
39%
Sfax Tunisia 266.300
36%
Bloemfontain South Africa 371.200
35%
Omdurman Sudan 1.670.000
34%
Bulawayo Zimbabwe 927.600
32%
East London South Africa 236.100
32%
Kaduna Nigeria 1.458.900
32%
Mbuji-Mayi D.R. Congo 905.800
31%
Pointe Noire Congo 527.700
31%
Constantine Algeria 515.800
30%
Aba Nigeria 784.500
29%
Blantyre Malawi 533.000
28%
Beira Mozambique 447.600
26%
Kisangani D.R. Congo 510.300
26%
Maiduguri Nigeria 971.700
26%
Onitsha Nigeria 509.500
26%
Soweto South Africa 1.221.100
26%
Meknes Morocco 562.000
24%
Goma D.R. Congo 148.400
23%
Kananga D.R. Congo 539.600
23%
Man Ivory Coast 134200
23%
Arusha Tanzania 165.600
22%
Enugu Nigeria 593.300
22%
Jos Nigeria 742.100
22%
Bobo Dioulasso Burkina Faso 366.500
20%
Mwanza Tanzania 303.800
20%
Zaria Nigeria 898.900
20%
Ilorin Nigeria 756.400
19%
Warri NIgeria 500.900
19%
Dire Dawa Ethiopia 208.700
18%
Benguela Angola 131.400
17%
Nampula Mozambique 341.700
17%
Oyo Nigeria 620.400
17%
Kisumu Kenya 273.400
16%
Sokoto Nigeria 500.500
16%
Tamale Ghana 269.200
16%
Bouake Ivory Coast 531.000
15%
Huambo Angola 168.300
15%
Kimberley South Africa 189.500
15%
Pietermaritzburg South Africa 420.500
15%
Tanta Egypt 424.300
15%
Asyut Egypt 392.800
14%
Bukavu D.R. Congo 236.400
14%
Calabar NIgeria 431.200
14%
Gondar Ethiopia 142.100
14%
Kitwe Zambia 305.000
14%
Misrata Libya 184.400
14%
Ndola Zambia 347.900
14%
Oujda Morocco 342.900
14%
Annaba Algeria 240.100
13%
Lobito Angola 134.600
13%
Tetouan Morocco 330.100
13%
Abeokuta Nigeria 529.700
12%
Ife Nigeria 313.400
12%
Nyala Sudan 298.400
12%
Ogbomosho Nigeria 726.300
12%
Saint-Louis Senegal 147.100
12%
Garoua Cameroon 185.800
11%
Ismailia Egypt 291.000
11%
Laayoune Western Sahara 190.500
11%
Mbeya Tanzania 211.200
11%
Thies Senegal 262.500
11%
Gombe Nigeria 230.900
10%
Hargeysa Somalia 231.000
10%
Kolwezi D.R. Congo 803.900
10%
Matadi D.R. Congo 224.700
10%
Matola Mozambique 478.300
10%
Nakuru Kenya 337.200
10%
Bauchi Nigeria 291.600
9%
Eldoret Kenta 249.100
9%
Kankan Guinea 126.400
9%
Kassala Sudan 308.200
9%
Katsina Nigeria 387.000
9%
Kikwit D.R. Congo 222.500
9%
Likasi D.R. Congo 375.100
9%
Owerri Nigeria 187.600
9%
Parakou Benin 198.000
9%
Setif Algeria 236.500
9%
Toamasina Madagascar 169.800
9%
Tobruk Libya 146.800
9%
Zinder Nigera 191.100
9%
Akure Nigeria 369.700
8%
Bamenda Cameroon 149.900
8%
Boma D.R. Congo 352.200
8%
El Obeid Sudan 301.400
8%
Kenitra Morocco 335.800
8%
Oshogbo Nigeria 421.000
8%
Quelimane Mozambique 169.100
8%
Saint-Denis Reunion 140.000
8%
Tanga Tanzania 208.900
8%
Bafoussam Cameroon 151.800
7%
Berbera Somalia 213.400
7%
Korhogo Ivory Coast 163.400
7%
Makurdi Nigeria 249.000
7%
Maroua Cameroon 169.200
7%
Minna Nigeria 270.600
7%
Morogoro Tanzania 247.900
7%
San-Pedro Ivory Coast 151.600
7%
Tshikapa D.R. Congo 319.600
7%
Ziguinchor Senegal 206.100
7%
Blida Algeria 170.900
6%
Chimoio Mozambique 192.700
6%
El Mahalla el Kubra Egypt 452.200
6%
Faiyum Egypt 298.400
6%
Gweru Zimbabwe 152.300
6%
Kabwe Zambia 213.800
6%
Kigoma Tanzania 125.000
6%
Maradi Niger 178.600
6%
Mbandaka D.R. Congo 206.800
6%
Newcastle South Africa 244.300
6%
Owo Nigeria 243.000
6%
Tabora Tanzania 145.800
6%
Welkom South Africa 226.100
6%
Zagazig Egypt 305.800
6%
Ado Nigeria 241.200
5%
Bejaia Algeria 164.200
5%
Benoni South Africa 406.400
5%
El Minya Egypt 230.300
5%
Fianarantsoa Madagascar 134.600
5%
Mahajanga Madagascar 131.600
5%
Mansura Egypt 422.700
5%
Mtwara Tanzania 136.900
5%
Mutare Zimbabwe 183.000
5%
Nacala Mozambique 178.200
5%
Ondo Nigeria 225.800
5%
Serekunda Gambia 207.000
5%
Songea Tanzania 131.700
5%
Vereeniging South Africa 385.600
5%
Wad Medaniy Sudan 277.600
5%
Antsirabe Madagascar 155.300
4%
Butembo D.R. Congo 148.900
4%
Chingola Zambia 150.500
4%
Daloa Ivory Coast 199.100
4%
Damanhur Egypt 242.700
4%
Djelfa Algeria 172.200
4%
Gboko Nigeria 166.400
4%
Iringa Tanzania 143.100
4%
Kaolack Senegal 227.300
4%
Mallawi Egypt 136.400
4%
Mwene-Dito D.R. Congo 198.800
4%
Namibe Angola 125.400
4%
Okene Nigeria 444.900
4%
Segou Mali 127.100
4%
Sidi bel Abbes Algeria 201.200
4%
Banha Egypt 166.700
3%
Bunia D.R. Congo 129.000
3%
Damaturu Nigeria 223.000
3%
El Jadida Morocco 131.200
3%
Gagnoa Ivory Coast 123.200
3%
Gusau Nigeria 201.200
3%
Ise Nigeria 167.100
3%
Jimeta Nigeria 218.400
3%
Moshi Tanzania 198.000
3%
Ngaoundéré Cameroon 130.600
3%
Tebessa Algeria 171.000
3%
Umuahia Nigeria 230.800
3%
Uvira D.R. Congo 194.500
3%
Al-Bayda Libya 130.900
2%
Algeria Algeria 732.000
2%
Awka Nigeria 152.300
2%
Bida Nigeria 159.100
2%
Divo Ivory Coast 151.100
2%
Djougou Benin 176.300
2%
Ijebu Ode Nigeria 186.700
2%
Iseyin Nigeria 286.700
2%
Isiro D.R. Congo 135.600
2%
Kafr el Sheikh Egypt 142.700
2%
Kandi Benin 134.800
2%
Luanshya Zambia 124.800
2%
Marka Somalia 173.100
2%
Mbour Senegal 125.800
2%
Mufulira Zambia 131.000
2%
Nazret Ethiopia 161.800
2%
Nyeri Kenya 213.000
2%
Qina Egypt 195.900
2%
Sapele Nigeria 151.000
2%
Witbank South Africa 185.900
2%
Barqa Libya 158.300
1%
Botshabelo South Africa 197.900
1%
Fashir Sudan 186.400
1%
Garyan Libya 148.800
1%
Homs Libya 187.900
1%
Ijero Nigeria 147.300
1%
Ikare Nigeria 160.600
1%
Ikot Ekpene Nigeria 209.400
1%
Ila Nigeria 150.700
1%
Ilawe Nigeria 160.700
1%
Ilesha Nigeria 233.900
1%
Kisimayo Somalia 201.600
1%
Klerksdorp South Africa 152.700
1%
Kusti Sudan 228.000
1%
Machakos Kenya 179.500
1%
Meru Kenya 140.900
1%
Mocuba Mozambique 140.400
1%
Mubi Nigeria 198.700
1%
Musoma Tanzania 139.000
1%
Qadarif Sudan 251.100
1%
Shagamu Nigeria 191.500
1%
Shaki Nigeria 150.300
1%
Shibin el Kom Egypt 182.900
1%
Subra al-Haymah Egypt 995.800
1%
Suhaj Egypt 194.600
1%
Susah Tunisia 152.500
1%
Ugep Nigeria 187.000
1%
Asfi Morocco 288.900
0%
Batnah Algeria 270.700
0%
Bilbays Egypt 129.900
0%
Biskara Algeria 190.800
0%
Bochicon Benin 147.300
0%
Bugama Nigeria 124.200
0%
Carltonville South Africa 182.800
0%
Geita Tanzania 139.600
0%
Huribgah Morocco 164.600
0%
Kishi Nigeria 130.800
0%
Ksar el Kabir Morocco 127.300
0%
Okpoko Nigeria 152.900
0%
Otukpo Nigeria 136.800
0%
Sakikdah Algeria 170.000
0%
Tarhuna Libya 125.300
0%
Tiyaret Algeria 162.200
0%
Yafran Libya 134.700
0%
Zawiyah Libya 181.700
0%
Zlitan Libya 156.600
0%
No matching quizzes found
Score Distribution
Percent of People with Each Score
Percentile by Number Answered
Your Score History
You have not taken this quiz